Carte séquentielle aléatoire des pays d'Asie - Statistiques

Statistiques générales
  • Ce quiz a été pris 77 548 fois
    64 284 depuis la dernière actualisation
  • Le résultat moyen est 35 sur 48
Réponses sur la Carte
Les réponses sont colorées sur une échelle allant du rouge au vert en fonction du pourcentage des utilisateurs qui les ont devinées à leur premier essai. Vous pouvez retrouver ces pourcentages ci-dessous.
 
Statistiques - réponses
Pays % Correct
Chine
76%
Inde
76%
Japon
76%
Mongolie
76%
Corée du Nord
75%
Corée du Sud
75%
Indonésie
75%
Turquie
75%
Viêt Nam
75%
Arabie Saoudite
74%
Chypre
74%
Iran
74%
Kazakhstan
74%
Laos
74%
Népal
74%
Philippines
74%
Sri Lanka
74%
Taïwan
74%
Thaïlande
74%
Birmanie
73%
Israël
73%
Malaisie
73%
Oman
73%
Pakistan
73%
Yémen
73%
Bangladesh
72%
Bhoutan
72%
Cambodge
72%
Irak
72%
Syrie
72%
Afghanistan
71%
Arménie
71%
Émirats arabes unis
71%
Géorgie
71%
Jordanie
71%
Liban
71%
Maldives
71%
Ouzbékistan
71%
Qatar
71%
Singapour
71%
Azerbaïdjan
70%
Koweït
70%
Turkménistan
70%
Bahreïn
69%
Kirghizistan
69%
Tadjikistan
69%
Timor oriental
69%
Brunei
68%
Aucun quiz correspondant
Distribution des résultats
% des personnes avec chaque résultat
Percentile par nombre de réponses
Votre historique - résultats
Vous n’avez pas pris ce quiz depuis la dernière actualisation